LEGO Ninjago: The Island Minifigures - Statistics

General Stats
  • This quiz has been taken 27 times
  • The average score is 7 of 8
Answer Stats
Picture Answer % Correct
Cole
100%
Jay
100%
Kai
100%
Lloyd
100%
Nya
89%
Zane
89%
Mammatus
58%
PoulErik
58%
No matching quizzes found
Score Distribution
Percent of People with Each Score
Percentile by Number Answered
Your Score History
You have not taken this quiz